Statistics for Top XIs: Borussia Mönchengladbach (1971-2023)

Click here to take the quiz!

General Stats

  • This quiz has been taken 83 times
  • The average score is 108 of 500

Answer Stats

HintPositionAnswer% Correct
2018/2019STAlassane Pléa
86%
2022/2023STAlassane Pléa
86%
2020/2021STAlassane Pléa
86%
2021/2022STAlassane Pléa
86%
2019/2020STAlassane Pléa
86%
2022/2023STLars Stindl
84%
2020/2021STLars Stindl
84%
2021/2022STLars Stindl
84%
2018/2019STLars Stindl
84%
2015/2016STLars Stindl
84%
2017/2018STLars Stindl
84%
2016/2017STLars Stindl
84%
2020/2021STMarcus Thuram
82%
2019/2020STMarcus Thuram
82%
2018/2019DFMatthias Ginter
82%
2022/2023DFMatthias Ginter
82%
2021/2022DFMatthias Ginter
82%
2019/2020DFMatthias Ginter
82%
2017/2018DFMatthias Ginter
82%
2020/2021DFMatthias Ginter
82%
2022/2023MFJonas Hofmann
77%
2019/2020MFJonas Hofmann
77%
2018/2019MFJonas Hofmann
77%
2021/2022MFJonas Hofmann
77%
2016/2017MFChristoph Kramer
75%
2014/2015MFChristoph Kramer
75%
2020/2021MFChristoph Kramer
75%
2013/2014MFChristoph Kramer
75%
2017/2018MFChristoph Kramer
75%
2019/2020MFFlorian Neuhaus
73%
2018/2019MFFlorian Neuhaus
73%
2020/2021MFFlorian Neuhaus
73%
2021/2022MFFlorian Neuhaus
73%
2022/2023MFFlorian Neuhaus
73%
2021/2022DFRamy Bensebaini
70%
2022/2023DFRamy Bensebaini
70%
2020/2021DFRamy Bensebaini
70%
2009/2010MFMarco Reus
68%
2011/2012STMarco Reus
68%
2010/2011STMarco Reus
68%
2018/2019DFNico Elvedi
68%
2022/2023DFNico Elvedi
68%
2020/2021DFNico Elvedi
68%
2019/2020DFNico Elvedi
68%
2016/2017DFNico Elvedi
68%
2021/2022DFNico Elvedi
68%
2017/2018DFNico Elvedi
68%
1977/1978STJupp Heynckes
64%
1971-1974STJupp Heynckes
64%
1975/1976STJupp Heynckes
64%
1976/1977STJupp Heynckes
64%
1974/1975STJupp Heynckes
64%
2015/2016DFOscar Wendt
64%
2017/2018DFOscar Wendt
64%
2012/2013DFOscar Wendt
64%
2018/2019DFOscar Wendt
64%
2019/2020DFOscar Wendt
64%
2014/2015MFOscar Wendt
64%
2016/2017DFOscar Wendt
64%
2019/2020DFStefan Lainer
61%
2020/2021DFStefan Lainer
61%
2012/2013MFPatrick Herrmann
59%
2017/2018MFPatrick Herrmann
59%
2013/2014MFPatrick Herrmann
59%
2014/2015MFPatrick Herrmann
59%
2022/2023MFKouadio Koné
57%
2021/2022MFKouadio Koné
57%
1971-1974MFGünter Netzer
55%
2019/2020MFDenis Zakaria
52%
2018/2019MFDenis Zakaria
52%
2017/2018MFDenis Zakaria
52%
2017/2018STRaffael
52%
2016/2017STRaffael
52%
2013/2014STRaffael
52%
2015/2016STRaffael
52%
2014/2015STRaffael
52%
2019/2020STBreel Embolo
50%
2021/2022STBreel Embolo
50%
2022/2023DFJoe Scally
48%
2021/2022DFJoe Scally
48%
2015/2016MFMahmoud Dahoud
48%
2016/2017MFMahmoud Dahoud
48%
2018/2019MFThorgan Hazard
48%
2017/2018MFThorgan Hazard
48%
2015/2016MFThorgan Hazard
48%
2012/2013DFTony Jantschke
48%
2013/2014DFTony Jantschke
48%
2011/2012DFTony Jantschke
48%
2014/2015DFTony Jantschke
48%
2016/2017MFAndré Hahn
45%
2014/2015MFGranit Xhaka
43%
2013/2014MFGranit Xhaka
43%
2015/2016MFGranit Xhaka
43%
1975/1976DFBerti Vogts
41%
1971-1974DFBerti Vogts
41%
1976/1977DFBerti Vogts
41%
1974/1975DFBerti Vogts
41%
1977/1978DFBerti Vogts
41%
2013/2014STMax Kruse
41%
2014/2015STMax Kruse
41%
1983/1984MFLothar Matthäus
39%
1980/1981MFLothar Matthäus
39%
1981/1982MFLothar Matthäus
39%
1979/1980MFLothar Matthäus
39%
1982/1983MFLothar Matthäus
39%
1994/1995MFStefan Effenberg
39%
1989/1990MFStefan Effenberg
39%
1988/1989MFStefan Effenberg
39%
1995/1996MFStefan Effenberg
39%
1996/1997MFStefan Effenberg
39%
1997/1998MFStefan Effenberg
39%
2012/2013MFJuan Arango
36%
2013/2014MFJuan Arango
36%
2011/2012MFJuan Arango
36%
2009/2010MFJuan Arango
36%
2012/2013DFMartin Stranzl
36%
2014/2015DFMartin Stranzl
36%
2011/2012DFMartin Stranzl
36%
2013/2014DFMartin Stranzl
36%
2010/2011DFMartin Stranzl
36%
1978/1979STAllan Simonsen
34%
1976/1977STAllan Simonsen
34%
1975/1976STAllan Simonsen
34%
1974/1975STAllan Simonsen
34%
1977/1978STAllan Simonsen
34%
2022/2023MFHannes Wolf
34%
2012/2013DFÁlvaro Domínguez
32%
2013/2014DFÁlvaro Domínguez
32%
2014/2015DFÁlvaro Domínguez
32%
2012/2013STLuuk de Jong
32%
2007/2008STOliver Neuville
32%
2004/2005STOliver Neuville
32%
2005/2006STOliver Neuville
32%
2012/2013STMike Hanke
30%
2011/2012STMike Hanke
30%
2015/2016DFAndreas Christensen
27%
2016/2017DFAndreas Christensen
27%
2011/2012DFDante
27%
2009/2010DFDante
27%
2010/2011DFDante
27%
2015/2016MFFabian Johnson
27%
2011/2012DFFilip Daems
27%
2008/2009DFFilip Daems
27%
2010/2011DFFilip Daems
27%
2009/2010DFFilip Daems
27%
2007/2008DFFilip Daems
27%
2014/2015DFJulian Korb
27%
2013/2014DFJulian Korb
27%
2015/2016DFJulian Korb
27%
2007/2008DFRoel Brouwers
27%
2008/2009DFRoel Brouwers
27%
2009/2010DFRoel Brouwers
27%
1977/1978MFRainer Bonhof
25%
1975/1976MFRainer Bonhof
25%
1971-1974MFRainer Bonhof
25%
1976/1977MFRainer Bonhof
25%
1974/1975MFRainer Bonhof
25%
1975/1976MFHerbert Wimmer
23%
1971-1974MFHerbert Wimmer
23%
1976/1977MFHerbert Wimmer
23%
1977/1978MFHerbert Wimmer
23%
1974/1975MFHerbert Wimmer
23%
2010/2011STIgor de Camargo
23%
2011/2012STIgor de Camargo
23%
2012/2013MFHåvard Nordtveit
20%
2015/2016DFHåvard Nordtveit
20%
2011/2012MFHåvard Nordtveit
20%
2017/2018DFJannik Vestergaard
20%
2016/2017DFJannik Vestergaard
20%
2005/2006DFMarcell Jansen
20%
2006/2007DFMarcell Jansen
20%
2004/2005DFMarcell Jansen
20%
2007/2008MFMarko Marin
20%
2008/2009MFMarko Marin
20%
1997/1998DFPatrik Andersson
20%
1996/1997DFPatrik Andersson
20%
1995/1996DFPatrik Andersson
20%
1994/1995DFPatrik Andersson
20%
1998/1999DFPatrik Andersson
20%
1979/1980STKarl Del'Haye
18%
1977/1978STKarl Del'Haye
18%
1995/1996STMartin Dahlin
18%
1993/1994STMartin Dahlin
18%
1992/1993STMartin Dahlin
18%
1994/1995STMartin Dahlin
18%
1991/1992MFMartin Schneider
18%
1990/1991MFMartin Schneider
18%
1993/1994MFMartin Schneider
18%
1996/1997MFMartin Schneider
18%
1992/1993MFMartin Schneider
18%
1997/1998MFMartin Schneider
18%
2001/2002DFMax Eberl
18%
1998/1999DFMax Eberl
18%
2000/2001DFMax Eberl
18%
1999/2000DFMax Eberl
18%
2002/2003DFMax Eberl
18%
2012/2013MFThorben Marx
18%
2010/2011MFThorben Marx
18%
2009/2010MFThorben Marx
18%
2020/2021MFValentino Lazaro
18%
2010/2011STMohamadou Idrissou
16%
1990/1991MFNorbert Meier
16%
1989/1990MFNorbert Meier
16%
2011/2012MFRoman Neustädter
16%
2010/2011MFRoman Neustädter
16%
1987/1988STUwe Rahn
16%
1985/1986STUwe Rahn
16%
1986/1987STUwe Rahn
16%
1984/1985STUwe Rahn
16%
1983/1984STUwe Rahn
16%
1982/1983STUwe Rahn
16%
2003/2004STArie van Lent
14%
2001/2002STArie van Lent
14%
2000/2001STArie van Lent
14%
1999/2000STArie van Lent
14%
1984/1985STFrank Mill
14%
1982/1983STFrank Mill
14%
1981/1982STFrank Mill
14%
1983/1984STFrank Mill
14%
1985/1986STFrank Mill
14%
2008/2009MFMichael Bradley
14%
2010/2011MFMichael Bradley
14%
2009/2010MFMichael Bradley
14%
2009/2010STRaúl Bobadilla
14%
2008/2009DFTobias Levels
14%
2009/2010DFTobias Levels
14%
2007/2008DFTobias Levels
14%
2010/2011DFTobias Levels
14%
2016/2017MFTobias Strobl
14%
2018/2019MFTobias Strobl
14%
1980/1981DFWilfried Hannes
14%
1978/1979DFWilfried Hannes
14%
1981/1982DFWilfried Hannes
14%
1982/1983DFWilfried Hannes
14%
1985/1986DFWilfried Hannes
14%
1979/1980DFWilfried Hannes
14%
1983/1984DFWilfried Hannes
14%
2005/2006MFEugen Polanski
11%
2006/2007MFEugen Polanski
11%
1980/1981DFFrank Schäffer
11%
1976/1977DFFrank Schäffer
11%
1979/1980DFFrank Schäffer
11%
1981/1982DFFrank Schäffer
11%
1978/1979DFFrank Schäffer
11%
1982/1983DFFrank Schäffer
11%
1984/1985MFHans-Günter Bruns
11%
1982/1983MFHans-Günter Bruns
11%
1983/1984MFHans-Günter Bruns
11%
1978/1979MFHans-Günter Bruns
11%
1981/1982MFHans-Günter Bruns
11%
1988/1989MFHans-Günter Bruns
11%
1987/1988MFHans-Günter Bruns
11%
1980/1981MFHans-Günter Bruns
11%
1989/1990MFHans-Günter Bruns
11%
1986/1987MFHans-Günter Bruns
11%
1985/1986MFHans-Günter Bruns
11%
1987/1988STHans-Jörg Criens
11%
1990/1991STHans-Jörg Criens
11%
1989/1990STHans-Jörg Criens
11%
1985/1986STHans-Jörg Criens
11%
1988/1989STHans-Jörg Criens
11%
1984/1985STHans-Jörg Criens
11%
1999/2000DFMichael Frontzeck
11%
1984/1985DFMichael Frontzeck
11%
1988/1989DFMichael Frontzeck
11%
1983/1984DFMichael Frontzeck
11%
1985/1986DFMichael Frontzeck
11%
1987/1988DFMichael Frontzeck
11%
1986/1987DFMichael Frontzeck
11%
2008/2009STRob Friend
11%
2007/2008STRob Friend
11%
1992/1993DFThomas Kastenmaier
11%
1995/1996DFThomas Kastenmaier
11%
1991/1992DFThomas Kastenmaier
11%
1990/1991DFThomas Kastenmaier
11%
1994/1995DFThomas Kastenmaier
11%
1978/1979MFWinfried Schäfer
11%
1979/1980MFWinfried Schäfer
11%
1980/1981MFWinfried Schäfer
11%
1981/1982MFWinfried Schäfer
11%
1983/1984MFWinfried Schäfer
11%
2006/2007DFBo Svensson
9%
1977/1978MFChristian Kulik
9%
1978/1979MFChristian Kulik
9%
1979/1980MFChristian Kulik
9%
1974/1975MFChristian Kulik
9%
1994/1995STHeiko Herrlich
9%
1993/1994STHeiko Herrlich
9%
2009/2010STKarim Matmour
9%
2008/2009STKarim Matmour
9%
1998/1999MFSebastian Deisler
9%
1976/1977MFUli Stielike
9%
1975/1976MFUli Stielike
9%
1974/1975MFUli Stielike
9%
1986/1987DFBernd Krauss
7%
1988/1989DFBernd Krauss
7%
1984/1985DFBernd Krauss
7%
1983/1984DFBernd Krauss
7%
2004/2005DFChristian Ziege
7%
1978/1979MFEwald Lienen
7%
1983/1984MFEwald Lienen
7%
1986/1987MFEwald Lienen
7%
1985/1986MFEwald Lienen
7%
1980/1981MFEwald Lienen
7%
1979/1980MFEwald Lienen
7%
1984/1985MFEwald Lienen
7%
1971-1974STHenning Jensen
7%
1975/1976STHenning Jensen
7%
1974/1975STHenning Jensen
7%
1997/1998STJörgen Pettersson
7%
1995/1996STJörgen Pettersson
7%
1998/1999STJörgen Pettersson
7%
1996/1997STJörgen Pettersson
7%
1998/1999MFKarlheinz Pflipsen
7%
1993/1994MFKarlheinz Pflipsen
7%
1997/1998MFKarlheinz Pflipsen
7%
1990/1991MFKarlheinz Pflipsen
7%
1991/1992MFKarlheinz Pflipsen
7%
1992/1993MFKarlheinz Pflipsen
7%
1971-1974DFKlaus-Dieter Sieloff
7%
2008/2009DFPaul Stalteri
7%
2006/2007MFPeer Kluge
7%
2004/2005MFPeer Kluge
7%
2005/2006MFPeer Kluge
7%
2002/2003MFPeer Kluge
7%
2003/2004MFPeer Kluge
7%
1971-1974STUlrik Le Fevre
7%
2003/2004STVáclav Svěrkoš
7%
2004/2005STVáclav Svěrkoš
7%
2007/2008DFAlexander Voigt
5%
1971-1974MFDietmar Danner
5%
1975/1976MFDietmar Danner
5%
1974/1975DFHans Klinkhammer
5%
1976/1977MFHans Klinkhammer
5%
1975/1976DFHans Klinkhammer
5%
1976/1977DFHorst Wohlers
5%
1978/1979MFHorst Wohlers
5%
1977/1978DFHorst Wohlers
5%
2002/2003DFJeff Strasser
5%
2004/2005DFJeff Strasser
5%
2003/2004DFJeff Strasser
5%
2005/2006DFJeff Strasser
5%
2006/2007STKahê
5%
2005/2006STKahê
5%
2000/2001MFMarcel Witeczek
5%
1998/1999MFMarcel Witeczek
5%
1999/2000MFMarcel Witeczek
5%
2001/2002MFMarcel Witeczek
5%
1997/1998MFMarcel Witeczek
5%
1990/1991STMartin Max
5%
1991/1992STMartin Max
5%
2002/2003STMikael Forssell
5%
1995/1996MFPeter Wynhoff
5%
1991/1992MFPeter Wynhoff
5%
1994/1995MFPeter Wynhoff
5%
1992/1993MFPeter Wynhoff
5%
1993/1994MFPeter Wynhoff
5%
2008/2009MFTomáš Galásek
5%
1982/1983MFArmin Veh
2%
1981/1982MFArmin Veh
2%
2001/2002DFBernd Korzynietz
2%
2000/2001DFBernd Korzynietz
2%
2003/2004DFBernd Korzynietz
2%
2003/2004DFBradley Carnell
2%
1980/1981MFCarsten Nielsen
2%
1978/1979MFCarsten Nielsen
2%
1979/1980MFCarsten Nielsen
2%
1988/1989MFChristian Hochstätter
2%
1989/1990MFChristian Hochstätter
2%
1994/1995MFChristian Hochstätter
2%
1984/1985MFChristian Hochstätter
2%
1985/1986MFChristian Hochstätter
2%
1995/1996MFChristian Hochstätter
2%
1987/1988MFChristian Hochstätter
2%
1977/1978MF
Carsten Nielsen
2%
2006/2007MFFederico Insúa
2%
2006/2007MFHassan El Fakiri
2%
2005/2006MFHassan El Fakiri
2%
1992/1993DFHolger Fach
2%
1991/1992DFHolger Fach
2%
1993/1994DFHolger Fach
2%
2002/2003MFIgor Demo
2%
2003/2004MFIgor Demo
2%
1999/2000MFIgor Demo
2%
2000/2001MFIgor Demo
2%
2003/2004MFJoonas Kolkka
2%
1994/1995DFJörg Neun
2%
1993/1994DFJörg Neun
2%
1995/1996DFJörg Neun
2%
1989/1990DFJörg Neun
2%
1996/1997DFJörg Neun
2%
1987/1988DFJörg Neun
2%
1990/1991DFJörg Neun
2%
1991/1992DFJörg Neun
2%
2006/2007DFKasper Bøgelund
2%
2005/2006DFKasper Bøgelund
2%
1981/1982STKurt Pinkall
2%
2002/2003DFMarcelo Pletsch
2%
2001/2002DFMarcelo Pletsch
2%
2000/2001DFMarcelo Pletsch
2%
1999/2000DFMarcelo Pletsch
2%
1995/1996MFMichael Sternkopf
2%
2004/2005MFMilan Fukal
2%
2005/2006DFMilan Fukal
2%
1980/1981DFNorbert Ringels
2%
1978/1979DFNorbert Ringels
2%
1982/1983DFNorbert Ringels
2%
1981/1982DFNorbert Ringels
2%
1979/1980DFNorbert Ringels
2%
2007/2008MFPatrick Paauwe
2%
2008/2009MFPatrick Paauwe
2%
1993/1994MFPeter Nielsen
2%
2000/2001MFPeter Nielsen
2%
2001/2002MFPeter Nielsen
2%
1996/1997MFPeter Nielsen
2%
1999/2000MFPeter Nielsen
2%
1994/1995MFPeter Nielsen
2%
2001/2002STPeter van Houdt
2%
2002/2003STPeter van Houdt
2%
2000/2001STPeter van Houdt
2%
2007/2008MFSascha Rösler
2%
1996/1997DFStephan Paßlack
2%
1997/1998DFStephan Paßlack
2%
1998/1999STToni Polster
2%
1982/1983DFUli Borowka
2%
1985/1986DFUli Borowka
2%
1984/1985DFUli Borowka
2%
1986/1987DFUli Borowka
2%
2006/2007DFZé António
2%
2005/2006DFZé António
2%
1988/1989MFAndre Winkhold
0%
1986/1987MFAndre Winkhold
0%
1987/1988MFAndre Winkhold
0%
1997/1998STAndrzej Juskowiak
0%
1996/1997STAndrzej Juskowiak
0%
1992/1993STBachirou Salou
0%
1991/1992STBachirou Salou
0%
1987/1988MFDirk Bakalorz
0%
1986/1987MF
Dirk Bakalorz
0%
1989/1990DFFrantišek Straka
0%
1990/1991DFFrantisek Straka
0%
1988/1989DFFrantišek Straka
0%
1987/1988MFHans-Georg Dreßen
0%
1988/1989MFHans-Georg Dreßen
0%
1986/1987MFHans-Georg Dreßen
0%
1980/1981STHarald Nickel
0%
1979/1980STHarald Nickel
0%
1976/1977DFH.-Jürgen Wittkamp
0%
1971-1974DFH.-Jürgen Wittkamp
0%
1975/1976DFH.-Jürgen Wittkamp
0%
1974/1975DFH.-Jürgen Wittkamp
0%
1977/1978DFH.-Jürgen Wittkamp
0%
1996/1997DFHubert Fournier
0%
1989/1990STIgor Belanov
0%
1996/1997MFIoan Lupescu
0%
1997/1998MFIoan Lupescu
0%
2004/2005MFIvo Ulich
0%
2002/2003MFIvo Ulich
0%
2001/2002MFIvo Ulich
0%
2003/2004MFIvo Ulich
0%
1992/1993MFJohnny Mølby
0%
1980/1981MFJürgen Fleer
0%
1983/1984DFKai Erik Herlovsen
0%
1987/1988DFKai Erik Herlovsen
0%
1986/1987DFKai Erik Herlovsen
0%
1985/1986DFKai Erik Herlovsen
0%
1984/1985DFKai Erik Herlovsen
0%
1999/2000STMarcel Ketelaer
0%
2007/2008MFMarcel Ndjeng
0%
2004/2005STMarek Heinz
0%
2002/2003DFMarkus Münch
0%
2001/2002DFMarkus Münch
0%
2006/2007STMichael Delura
0%
1991/1992DFMichael Klinkert
0%
1992/1993DFMichael Klinkert
0%
1997/1998DFMichael Klinkert
0%
1993/1994DFMichael Klinkert
0%
1998/1999DFMichael Klinkert
0%
1989/1990DFMichael Klinkert
0%
1990/1991DFMichael Klinkert
0%
1994/1995DFMichael Klinkert
0%
1995/1996DFMichael Klinkert
0%
2004/2005DFNico van Kerckhoven
0%
2000/2001DFSlađan Ašanin
0%
1999/2000DFSlađan Ašanin
0%
1998/1999DFSlađan Ašanin
0%
2003/2004DFSlađan Ašanin
0%
2001/2002DFSteffen Korell
0%
2002/2003DFSteffen Korell
0%
2000/2001DFSteffen Korell
0%
1991/1992DFThomas Eichin
0%
1989/1990DFThomas Eichin
0%
1988/1989DFThomas Eichin
0%
1990/1991DFThomas Eichin
0%
1992/1993DFThomas Eichin
0%
1993/1994DFThomas Eichin
0%
1982/1983MFWolfram Wuttke
0%
1981/1982MFWolfram Wuttke
0%
1999/2000MFŽeljko Sopić
0%
1998/1999MFŽeljko Sopić
0%

Score Distribution

Percentile by Number Answered

Percent of People with Each Score

Your Score History

You have not taken this quiz